قانون حماية حقوق الملكية الفكرية : (Record no. 22318)
[ view plain ]
| 000 -الفاتح | |
|---|---|
| حقل البيانات ثابتة الطول | 01788nam a22002655a 4500 |
| 003 - محدد رقم الضبط | |
| رقم الضبط | OSt |
| 005 - وقت وتاريخ اخر تعامل مع التسجيلة | |
| رقم الضبط | 20170201125242.0 |
| 008 - عناصر البيانات ثابتة الطول - معلومات عامة | |
| حقل البيانات ثابتة الطول | 160907s2005 ua fr 000 0 ara d |
| 015 ## - | |
| -- | 2004/22148 |
| 020 ## - الرقم الدولى المعيارى للكتب | |
| الرقم الدولى المعيارى للكتاب | 9772416220 |
| 040 ## - مصدر الفهرسة | |
| وكالة الفهرسة الأصلية | EG-ScBUE |
| لغة الفهرسة | ara |
| وكالة النسخ | EG-ScBUE |
| 043 ## - رمز المنطقة الجغرافية | |
| رمز المنطقة الجغرافية | f-ua--- |
| 082 04 - رقم تصنيف ديوى العشرى | |
| رقم التصنيف | 346.62048 |
| رقم المادة | ق ا ن |
| رقم الطبعة | 22 |
| 110 1# - المدخل الرئيسى - إسم هيئة | |
| اسم الهيئة أو اسم السلطة كمدخل | مصر. |
| وحده ملحقة | مجلس الشعب. |
| 9 (RLIN) | 41043 |
| 245 10 - بيان العنوان | |
| العنوان | قانون حماية حقوق الملكية الفكرية : |
| بقية العنوان | القانون رقم 82 لسنة 2002 : وقرار رئيس مجلس الوزراء رقم 1366 لسنة 2003 بإصدار اللائحة التنفيذية للكتاب الأول والثاني والرابع من قانون حماية حقوق الملكية الفكرية / |
| بيان المسئوليه,etc | مجلس الشعب ؛ [راجعها وأعدها أحمد علي حسن] |
| 260 ## - PUBLICATION, DISTRIBUTION, ETC. (IMPRINT) | |
| مكان الناشر او الموزع | القاهرة : |
| اسم الناشر او الموزع | مكتبة الآداب، |
| تاريخ النشر أو التوزيع | 2005. |
| 300 ## - الوصف المادى | |
| التعداد | 140 ص. ؛ |
| أبعاد الوعاء | 24 سم. |
| 505 ## - تبصرة محتويات-الفهرس | |
| تبصرة المحتويات المصاغة | الكتاب الأول. براءات الاختراع ونماذج المنفعة، ومخططات التصميمات للدوائر المتكاملة، والمعلومات غير المصفح عنها -- الكتاب الثاني. العلامات والبيانات التجارية، والمؤشرات الجغرافية، والتصميمات والنماذج الصناعية -- الكتاب الثالث. حقوق المؤلف والحقوق المجاورة -- الكتاب الرابع. الأصناف النباتية. |
| 650 #7 - المدخل الاضافى بالموضوع-مصطلح موضوعى | |
| مصطلح موضوعي أو اسم جغرافي كعنصر مدخل | حقوق التأليف والنشر |
| التقسيم الفرعي العام | قوانين وتشريعات |
| التقسيم الفرعي الجغرافي | مصر. |
| مصدر الرأس أو المصطلح | BUEsh |
| 9 (RLIN) | 41044 |
| 650 #7 - المدخل الاضافى بالموضوع-مصطلح موضوعى | |
| مصطلح موضوعي أو اسم جغرافي كعنصر مدخل | براءات الاختراع |
| التقسيم الفرعي العام | قوانين وتشريعات |
| التقسيم الفرعي الجغرافي | مصر. |
| مصدر الرأس أو المصطلح | BUEsh |
| 9 (RLIN) | 41045 |
| 651 ## - المدخل الاضافى بالموضوع - اسم جغرافى | |
| مصدر الرأس أو المصطلح | BUEsh |
| 653 ## - مصطلح تكشيفى غير مقيد | |
| Resource For college | Law |
| Arrived date list | September2016 |
| 700 1# - المدخل الاضافى - اسم شخصى | |
| الإسم الشخصى | حسن، أحمد علي. |
| 9 (RLIN) | 41046 |
| 942 ## - عناصر المدخل الإضافي( كوها) | |
| مصدر التصنيف او مخطط الترفيف | Dewey Decimal Classification |
| حالة التراجع | حالة الفقد | مصدر التصنيف او خطة الترفيف | حالة تلف | ليس للاعارة | مجموعات كوها | المكان الدائم | المكان الحالي | موقع الترفيف | تاريخ الاكتساب | Source of acquisition | سعر الشراء الطبيعي | تعداد مسلسل / التسلسل الزمني | رقم الاستدعاء | الباركود | Date last seen | مُعار | التكلفة | نوع الوعاء |
|---|---|---|---|---|---|---|---|---|---|---|---|---|---|---|---|---|---|---|
| Dewey Decimal Classification | دار الفكر العربي | Central Library | Central Library | First floor | 07/09/2016 | Purchase | 25.00 | 15885 | 346.62048 ق ا ن | 000033553 | 15/07/2025 | 21/03/2023 | 31.00 | Book - Borrowing | ||||
| Dewey Decimal Classification | دار الفكر العربي | Central Library | Central Library | First floor | 07/09/2016 | Purchase | 25.00 | 15885 | 346.62048 ق ا ن | 000033554 | 15/07/2025 | 31.00 | Book - Borrowing |